01016nam a22002057a 4500003000900000008004100009020001800050040007100068082001900139100002900158245017100187260006300358300005400421505021700475650002700692650001700719650002000736650002300756700003100779AR-CdUCM190308b ||||| |||| 00| 0 spa d a9786120015667 aMUNICIPALIDAD PROVINCIAL DEL CUSCOcBIBLIOTECA MUNICIPAL DEL CUSCO a726 / H22bH22 aHarvey Valencia, Armando aTrilogía Divina :bLa Basílica Catedral del Cuzco, la iglesia de la Sagrada Familia y el Triunfo Antología /cArmando Harvey Valencia, Katherine Harvey Recharte aCusco :bUniversitaria San Antonio Abad del Cusco ,c2014. a272 páginas. :bilustraciones, planos ;c28 cm. aContenido : Aspectos Propedeúticos: Antecedentes -- Los Primeros Años de su edificacion -- El Terremoto de 1650 - su terminación e inaguración de la catedral -- El Arte -- Otras novedades e su interior... aArquitectura Religiosa aArte Barroco aArte Cusqueño aCatedral del Cusco aHarvey Recharte, Katherine